Desarrollo de un modelo de planificación integral de los recursos logísticos para las bodegas de Kimberly Clark ubicadas en la planta de Cartago
Gorde:
| Egile nagusia: | |
|---|---|
| Beste egile batzuk: | |
| Formatua: | Liburua |
| Argitaratua: |
[San José, Costa Rica]
2009
|
| Gaiak: | |
| Etiketak: |
Etiketa erantsi
Etiketarik gabe, Izan zaitez lehena erregistro honi etiketa jartzen!
|
MARC
| LEADER | 00000nam a2200000Ia 4500 | ||
|---|---|---|---|
| 001 | 5841 | ||
| 003 | 001318 | ||
| 005 | 20221231144051.0 | ||
| 008 | 140114s2009 c a 000 ||s d | ||
| 040 | |c cru CEDI | ||
| 100 | |a Esquivel Granados, Ana Catalina |9 3885 | ||
| 245 | |a Desarrollo de un modelo de planificación integral de los recursos logísticos para las bodegas de Kimberly Clark ubicadas en la planta de Cartago | ||
| 260 | |c 2009 |b [San José, Costa Rica] | ||
| 300 | |a 155, [100] hojas; ilustraciones (algunas a color) | ||
| 500 | |a Tesis (licenciatura en ingeniería industrial)--Universidad de Costa Rica. Facultad de Ingeniería. Escuela de Ingeniería Industrial | ||
| 650 | |x COMPAÑIA KIMBERLY CLARK (COSTA RICA) |x ALMACENES GENERALES DE DEPOSITO |x EVALUACION |x COSTOS DE OPERACION |x PLANIFICACION DE LA PRODUCCION |x ALMACENAMIENTO |x LOGISTICA EN LOS NEGOCIOS |9 3888 | ||
| 700 | |9 3887 |a Ramos Hernández, Leinar | ||
| 942 | |c BK |2 ddc | ||
| 999 | |c 16394 |d 16394 | ||
